| 000 | 00574nam a2200205 a 4500 | ||
|---|---|---|---|
| 008 | |||
| 049 | _aMAIN | ||
| 090 |
_aHB71 _bBOU |
||
| 100 | 1 | _aBoulding, Kenneth Ewart. | |
| 245 | 1 | 0 |
_aEconomics as a science / _cKenneth E. Boulding. |
| 260 |
_aNew York : _bMcGraw-Hill, _cc1970 |
||
| 300 |
_avii, 157 p. ; _c21 cm. |
||
| 504 | _aIncludes bibliographical references. | ||
| 650 | 0 | _aEconomics. | |
| 907 |
_a.b10035084 _b03-05-12 _c17-04-03 |
||
| 003 | |||
| 005 | 20230123133157.0 | ||
| 040 | _cNUST | ||
| 942 |
_cBOOKS _kHB71 _mBOU |
||
| 999 |
_c144052 _d144052 |
||